Responses for Show #3280 - Friday, December 4, 1998

Andrew Maly game 5.

Contestants

[<< previous game]

Brendan McTaggart, a communications director from Los Angeles, California

Diane Wakefield, a high school Spanish teacher originally from Titusville, Pennsylvania

Andrew Maly, an environmental engineer from Bel Air, Maryland (whose 4-day cash winnings total $33,800)

[next game >>]

Jeopardy! Round responses

WHAT'S MY LINE?
WHERE ARE WE?
WHO'S LAUGHING NOW?
WHEN WAS THAT, PIERRE?
HOW DO YOU WORK THIS THING?
"Y" ME?
    $100 6
cashier

Triple Stumper
    $100 8
the Alamo

Brendan
    $100 18
Woody Woodpecker

Andrew
    $100 23
1940

Andrew
    $100 16
a plunger

Brendan
    $100 1
a yuppie

Brendan
    $200 7
maitre d'hotel

Diane
    $200 9
Hoover Dam

Brendan
    $200 19
Curly (of the Three Stooges)

Andrew
    $200 26
(Diane: What is 1945?)

1918 (World War I)

AndrewDiane
    $200 17
jumper cables

Diane
    $200 2
Yippies

Brendan
    $300 13
a boilermaker

Brendan
    $300 10
Lord Horatio Nelson

Triple Stumper
    $300 20
a hyena

Andrew
    $300 28
1954

Andrew
    $300 24
(Diane: How do you tie a necktie?)
(Alex: Be more specific...)
(Diane: Tie?)

a bow tie

DianeBrendan
    $300 3
Yearling

Andrew
    $400 14
Beard

Brendan
    $400 11
Canterbury

Andrew
    $400 21
Fran Drescher

Diane
    $400 29
1789

Diane
    $400 25
throwing a pot on a potter's wheel

Diane
    $400 4
a yardbird

Andrew
    $500 15
(Brendan: What is Babbitt?)
(Andrew: What is Arrowmaker?)

Arrowsmith

AndrewBrendan
Triple Stumper
    $500 12
Angel Falls

Andrew
    $500 22
a kookaburra

Diane
    $1,000 30
(Diane: What is 1850?)

1821

Diane
    $500 27
anchor

Brendan
    $500 5
yam

Andrew

Scores at the first commercial break (after clue 15):

Andrew Diane Brendan
$1,600 $200 $800

Scores at the end of the Jeopardy! Round:

Andrew Diane Brendan
$2,800 $600 $1,700

Double Jeopardy! Round responses

MEDIEVAL PEOPLE
TV ON TV
AROUND THE LITERARY WORLD
THE IMPORTANCE OF BEING ERNIE
OPERA HODGEPODGE
TOUGH BEFORE & AFTER
    $200 11
Sicily

Andrew
    $200 6
The Simpsons

Brendan
    $200 15
Cervantes

Brendan
    $200 1
Ernest Borgnine

Brendan
    $200 26
Fyodor Dostoevsky

Brendan
    $200 20
Catherine the Great Gatsby

Brendan
    $400 12
Urban

Brendan
    $400 7
Bob Newhart

Brendan
    $400 16
Wales

Diane
    $400 2
Ernie Kovacs

Triple Stumper
    $400 28
Faust

Brendan
    $400 22
Custer's Last Stand and Deliver

Diane
    $600 13
(Andrew: What is first person?)

an autobiography

AndrewBrendan
    $600 8
The Mary Tyler Moore Show

Andrew
    $600 17
Argentina

Andrew
    $600 3
Ernesto "Che" Guevara

Andrew
    $600 23
James Dean of Admissions

Brendan
    $800 14
icons

Diane
    $1,500 9
The Larry Sanders Show

Andrew
    $800 18
Leon Uris

Andrew
    $800 4
Ernie Banks

Brendan
    $2,000 29
(Brendan: What is La Traviata?)
[The end-of-round signal sounds.]

Macbeth

Brendan
    $800 24
(Alex: Less than a minute to go... I'm loving this stuff!)

I've Got a Secret Service

Andrew
    $1000 21
anatomy

Andrew
    $1000 10
The Duck Factory

Triple Stumper
    $1000 19
Anton Chekhov

Brendan
    $1000 5
Ernie Pyle

Andrew
    $1000 27
New Zealand

Diane
    $1000 25
Bruce Lee Meriwether

Andrew

Scores at the end of the Double Jeopardy! Round:

Andrew Diane Brendan
$10,300 $3,200 $4,900
(lock game)

[wagering suggestions for these scores]

Final Jeopardy! Round responses

AWARDS
(Alex: He received another one for his consistent excellence.)
...
(Alex: [To Andrew, dubbed in dialogue] You get a new car and you get to come back to compete in the $100,000 Tournament of Champions.)
[NOTE: Andrew won a Chevrolet Tahoe, but the model he received wasn't specified on the show, except in Johnny Gilbert's blurb prior to Final Jeopardy!]
DianeWhat is
$0
BrendanWhat is the Golden Globe Award?
$3,000
AndrewWhat is the Academy Award? (Oscar)
$0
The Academy Award (Oscar)

Final scores:

Andrew Diane Brendan
$10,300 $3,200 $1,900
5-day champion: $44,100 2nd place: Trip to Hotel Melia Castilla, Madrid, Spain 3rd place: Trip to Knott's Berry Farm, Buena Park, California

Game dynamics:

Coryat scores:

Andrew Diane Brendan
$9,600 $4,200 $6,900
21 R
(including 1 DD),
2 W
10 R,
3 W
(including 1 DD)
21 R,
2 W
(including 1 DD)

Combined Coryat: $20,700

[game clues] [game scores] [suggest correction]

Game tape date: 1998-10-07
The J! Archive is created by fans, for fans. Scraping, republication, monetization, and malicious use prohibited; this site may use cookies and collect identifying information. See terms. The Jeopardy! game show and all elements thereof, including but not limited to copyright and trademark thereto, are the property of Jeopardy Productions, Inc. and are protected under law. This website is not affiliated with, sponsored by, or operated by Jeopardy Productions, Inc. Join the discussion at JBoard.tv.